[Event "6th ch-Iberoamericano"]
[Site "Bilbao ESP"]
[Date "2015.10.30"]
[Round "5.7"]
[White "De La Riva Aguado, Oscar"]
[Black "Roselli Mailhe, Bernardo"]
[Result "1-0"]
[WhiteTitle "GM"]
[BlackTitle "IM"]
[WhiteElo "2497"]
[BlackElo "2411"]
[WhiteFideId "6900224"]
[BlackFideId "3000028"]
[EventDate "2015.10.26"]

1. e4 e5 2. Nf3 Nc6 3. d4 exd4 4. Nxd4 Bc5 5. Nb3 Bb6 6. Nc3 Qf6 7. Qe2 Nge7 8.
Be3 O-O 9. O-O-O d6 10. Kb1 Be6 11. h3 Rfe8 12. f4 Qh4 13. Qf3 Bxe3 14. Qxe3 f5
15. g3 Qh6 16. Bg2 Bf7 17. Qf2 a5 18. Nd4 Nxd4 19. Qxd4 a4 20. a3 Rab8 21. Rhe1
Nc6 22. Qf2 fxe4 23. Bxe4 Na5 24. g4 b5 25. g5 Qh5 26. Bf5 Bc4 27. Qa7 Qf7 28.
Be4 d5 29. Bxd5 Bxd5 30. Rxe8+ Rxe8 31. Nxd5 Nc4 32. Qxc7 Qh5 33. Nc3 Qf3 34.
Rd7 Qxh3 35. Rxg7+ Kh8 36. Re7 Rc8 37. Rxh7+ 1-0

[Event "6th ch-Iberoamericano"]
[Site "Bilbao ESP"]
[Date "2015.10.30"]
[Round "5.8"]
[White "Fernandez Borrego, Pablo"]
[Black "Gonzalez Acosta, Bernal"]
[Result "1-0"]
[WhiteTitle "FM"]
[BlackTitle "GM"]
[WhiteElo "2410"]
[BlackElo "2497"]
[WhiteFideId "2258285"]
[BlackFideId "6500170"]
[EventDate "2015.10.26"]

1. e4 c6 2. d4 d5 3. e5 Bf5 4. Nc3 h5 5. Bg5 Qb6 6. Na4 Qc7 7. Nf3 e6 8. Be2 Nd7
9. O-O Ne7 10. Nh4 f6 11. Nxf5 Nxf5 12. Bxh5+ Kd8 13. Bf4 g5 14. Bd2 fxe5 15.
dxe5 Nxe5 16. Bxg5+ Kd7 17. Bf4 Bd6 18. Re1 Rag8 19. Nc5+ Bxc5 20. Bxe5 Qb6 21.
Rf1 Rh7 22. Bg4 Rf7 23. Qe2 Bd4 24. Rae1 c5 25. h3 Bxe5 26. Qxe5 Qd6 27. c3 Rgf8
28. Qe2 Rf6 29. Qc2 Nh6 30. Qh7+ Kc6 31. Qc2 Rg8 32. Qa4+ Kc7 33. f3 a6 34. Qc2
e5 35. c4 Nxg4 36. Qh7+ Kb6 37. Qxg8 1-0

[Event "6th ch-Iberoamericano"]
[Site "Bilbao ESP"]
[Date "2015.10.30"]
[Round "5.9"]
[White "Marchena Hurtado, Javier"]
[Black "Perez Mitjans, Orelvis"]
[Result "1-0"]
[WhiteTitle "FM"]
[BlackTitle "GM"]
[WhiteElo "2294"]
[BlackElo "2457"]
[WhiteFideId "2271583"]
[BlackFideId "3502856"]
[EventDate "2015.10.26"]

1. d4 d5 2. c4 Nc6 3. Nc3 Nf6 4. Nf3 dxc4 5. d5 Na5 6. Qa4+ c6 7. b4 b5 8. Qxa5
Qxa5 9. bxa5 b4 10. dxc6 bxc3 11. e3 e6 12. Bxc4 Rb8 13. O-O Ne4 14. a4 Rb4 15.
Bb5 a6 16. Bd3 Nc5 17. Bc2 f6 18. Ba3 Rc4 19. Rfb1 Kd8 20. Rd1+ Kc7 21. Rd4 Rxd4
22. exd4 g5 23. dxc5 e5 24. Rb1 Be7 25. Rb3 Rd8 26. Rxc3 e4 27. Ne1 f5 28. Rh3
Kxc6 29. Rh6+ Kd5 30. Bb3+ Kd4 31. Bc1 1-0

[Event "6th ch-Iberoamericano"]
[Site "Bilbao ESP"]
[Date "2015.10.30"]
[Round "5.10"]
[White "Suarez Pousa, Diego"]
[Black "Trigo Urquijo, Sergio"]
[Result "0-1"]
[WhiteTitle "IM"]
[BlackTitle "FM"]
[WhiteElo "2432"]
[BlackElo "2362"]
[WhiteFideId "2204509"]
[BlackFideId "2262436"]
[EventDate "2015.10.26"]

1. e4 e5 2. Nf3 Nc6 3. Bb5 a6 4. Ba4 Nf6 5. d3 d6 6. c3 Bd7 7. Nbd2 g6 8. Nf1
Bg7 9. Ng3 O-O 10. Bd2 Qe7 11. Qc1 Kh8 12. h4 Nh5 13. Nxh5 gxh5 14. Bc2 f5 15.
exf5 Bxf5 16. Bg5 Qe6 17. Qd2 Rae8 18. Bb3 Qg6 19. O-O-O e4 20. dxe4 Bxe4 21.
Rde1 Na5 22. Bc2 d5 23. Bxe4 dxe4 24. Nd4 Nc4 25. Qe2 Ne5 26. Ref1 Nd3+ 27. Kb1
Nxf2 28. Rhg1 Ng4 29. Nc2 b5 30. Ne3 Nxe3 31. Bxe3 Qg4 32. Qd2 Rd8 33. Rxf8+
Rxf8 34. Re1 Qxh4 35. Bd4 Bxd4 36. Qxd4+ Qf6 37. Qxe4 Qg6 38. Kc1 Qxe4 39. Rxe4
Rf1+ 40. Kc2 Rf2+ 41. Kb3 Rxg2 42. Re5 h4 43. a4 bxa4+ 44. Kxa4 Rxb2 45. Rh5 Rh2
46. Ka5 Kg7 47. Kxa6 Kg6 48. Rc5 h3 49. Rc6+ Kg5 50. Rxc7 h5 51. Rc5+ Kg4 52.
Rc4+ Kg3 53. Rc5 Rc2 0-1

[Event "6th ch-Iberoamericano"]
[Site "Bilbao ESP"]
[Date "2015.10.31"]
[Round "6.1"]
[White "Bruzon Batista, Lazaro"]
[Black "Santos Latasa, Jaime"]
[Result "1-0"]
[WhiteTitle "GM"]
[BlackTitle "IM"]
[WhiteElo "2659"]
[BlackElo "2518"]
[WhiteFideId "3503739"]
[BlackFideId "2293307"]
[EventDate "2015.10.26"]

1. Nf3 d5 2. g3 c6 3. Bg2 Bg4 4. c4 e6 5. O-O Nd7 6. cxd5 exd5 7. d3 Ngf6 8. Nc3
Be7 9. Qc2 Bxf3 10. Bxf3 d4 11. Ne4 O-O 12. Nxf6+ Nxf6 13. Bd2 a5 14. a3 a4 15.
b3 axb3 16. Qxb3 Ra7 17. a4 Nd7 18. a5 Bg5 19. Bxg5 Qxg5 20. Qb2 Rxa5 21. Rxa5
Qxa5 22. Qxb7 Ne5 23. Bxc6 g6 24. Be4 Qc5 25. Rb1 Ng4 26. h3 Nf6 27. Bf3 Rd8 28.
Kg2 h5 29. Rb4 Rd7 30. Qa8+ Kg7 31. Rc4 Qe5 32. Qa1 Qd6 33. Qb2 Rd8 34. Rc6 Qe7
35. Ra6 Rd7 36. Qb8 Rd8 37. Qf4 Nh7 38. Ra5 Nf6 39. Rb5 Rd7 40. g4 hxg4 41. hxg4
Qd6 42. Kg3 Nh7 43. Qxd6 Rxd6 44. Bd5 Kf6 45. Bc4 Ng5 46. f4 Ne6 47. Kf3 g5 48.
Rf5+ Kg6 49. Bxe6 Rxe6 50. Rxg5+ 1-0

[Event "6th ch-Iberoamericano"]
[Site "Bilbao ESP"]
[Date "2015.10.31"]
[Round "6.2"]
[White "Fier, Alexandr"]
[Black "Granda Zuniga, Julio E"]
[Result "1/2-1/2"]
[WhiteTitle "GM"]
[BlackTitle "GM"]
[WhiteElo "2624"]
[BlackElo "2667"]
[WhiteFideId "2107139"]
[BlackFideId "3800024"]
[EventDate "2015.10.26"]

1. e4 c6 2. d4 d5 3. Nd2 dxe4 4. Nxe4 Nf6 5. Nxf6+ exf6 6. c3 Bd6 7. Bd3 O-O 8.
Ne2 Qc7 9. Qc2 h6 10. c4 c5 11. dxc5 Qxc5 12. O-O Nc6 13. a3 Bg4 14. h3 Bxe2 15.
Qxe2 Rfe8 16. b4 Bh2+ 17. Kh1 Rxe2 18. bxc5 Be5 19. Rb1 Ra2 20. f4 Bd4 21. Rxb7
Nd8 22. Rd7 Bxc5 23. Be4 Rc8 24. Rfd1 Ne6 25. Bd5 Rf2 26. a4 Nxf4 27. Bxf7+ Kh7
28. Bxf4 Rxf4 29. a5 Re4 30. Rb1 Re7 31. Rxe7 Bxe7 32. Rb7 Bc5 33. h4 h5 34.
Bxh5 Kh6 35. Bf7 Rd8 36. Bd5 Re8 37. g3 Re3 38. Kg2 Ra3 39. Rb5 Bd6 40. c5 Bxg3
41. Rb7 Be5 42. Rxa7 Bd4 43. Ra8 Bxc5 44. Bf7 g5 45. h5 g4 46. Rg8 Rxa5 47. Rxg4
Be7 48. Rc4 Kg7 49. Bg6 Bd6 50. Rd4 Ra2+ 51. Kf3 Rf2+ 52. Ke4 1/2-1/2

[Event "6th ch-Iberoamericano"]
[Site "Bilbao ESP"]
[Date "2015.10.31"]
[Round "6.3"]
[White "Bachmann, Axel"]
[Black "Fernandez Borrego, Pablo"]
[Result "1-0"]
[WhiteTitle "GM"]
[BlackTitle "FM"]
[WhiteElo "2593"]
[BlackElo "2410"]
[WhiteFideId "3700488"]
[BlackFideId "2258285"]
[EventDate "2015.10.26"]

1. Nf3 Nf6 2. g3 d6 3. d4 Nbd7 4. c4 e5 5. Nc3 Be7 6. Bg2 O-O 7. O-O Re8 8. b3
Bf8 9. e4 g6 10. Qc2 a5 11. Rd1 exd4 12. Nxd4 Nc5 13. f3 c6 14. Be3 Qc7 15. a3
Bd7 16. Rab1 Qc8 17. b4 axb4 18. axb4 Na6 19. Na4 Qc7 20. Ne2 c5 21. bxc5 dxc5
22. Nb6 Nb4 23. Nxa8 Rxa8 24. Qc3 Bg7 25. Bf4 Qc8 26. Be5 Ne8 27. Bxg7 Nxg7 28.
Rb2 Ne6 29. Rbd2 Ba4 30. Ra1 Qe8 31. Bh3 Ng5 32. Nf4 Rd8 33. Rxd8 Qxd8 34. Bg2
Bc6 35. Nd5 Ne6 36. Ra8 Qxa8 37. Ne7+ Kf8 38. Qh8+ Kxe7 39. Qxa8 Nc2 40. Kf2
Ncd4 41. f4 h5 42. Qb8 Kd7 43. e5 Ke7 44. Bxc6 bxc6 45. Ke3 Kd7 46. h3 Ke7 47.
g4 hxg4 48. hxg4 Kd7 49. Qd6+ Ke8 50. Qb8+ Ke7 51. Qh8 Kd7 52. Qh7 Ke8 53. Ke4
Ne2 54. Qg8+ Ke7 55. f5 Ng5+ 56. Ke3 Nd4 57. Qg7 Nge6 58. fxe6 Nxe6 59. Qh8 Kd7
60. Qg8 Ke7 61. Qc8 Nd8 62. Qc7+ Ke8 63. Qd6 Ne6 64. Ke4 1-0

[Event "6th ch-Iberoamericano"]
[Site "Bilbao ESP"]
[Date "2015.10.31"]
[Round "6.4"]
[White "Trigo Urquijo, Sergio"]
[Black "Peralta, Fernando"]
[Result "0-1"]
[WhiteTitle "FM"]
[BlackTitle "GM"]
[WhiteElo "2362"]
[BlackElo "2563"]
[WhiteFideId "2262436"]
[BlackFideId "105309"]
[EventDate "2015.10.26"]

1. d4 e6 2. c4 Bb4+ 3. Bd2 Bxd2+ 4. Qxd2 f5 5. g3 Nf6 6. Bg2 O-O 7. Nc3 d5 8.
Nf3 c6 9. O-O Nbd7 10. e3 Qe7 11. cxd5 exd5 12. Qc2 Ne4 13. Ne1 Ndf6 14. Nd3 Be6
15. b4 Rac8 16. a4 Nd6 17. a5 Nc4 18. Na4 Rce8 19. Nab2 Nxb2 20. Qxb2 a6 21.
Rae1 Bc8 22. f3 g5 23. Nc5 Qg7 24. Qd2 Rd8 25. Rd1 Ne8 26. e4 fxe4 27. fxe4
Rxf1+ 28. Rxf1 dxe4 29. Qa2+ Kh8 30. Nxe4 Nd6 31. d5 Nxe4 32. Bxe4 cxd5 33. Rd1
Be6 34. Bg2 h6 35. Qf2 d4 36. Be4 Bh3 37. Qe2 Re8 38. Qd3 Rf8 39. Bg2 Bxg2 40.
Kxg2 Rd8 41. Qe4 Qd7 42. Rd3 Kg7 43. Rf3 Re8 44. Qf5 Qxf5 45. Rxf5 Re2+ 46. Kf3
Re3+ 47. Kg4 Kg6 48. Rd5 h5+ 49. Kh3 d3 50. Kg2 g4 51. Kf2 Re2+ 52. Kf1 Rb2 53.
Rxd3 Rxb4 54. Rd6+ Kf5 55. Rd5+ Kg6 56. Rd6+ Kf7 57. Kf2 Ke7 58. Rh6 Rb5 0-1

[Event "6th ch-Iberoamericano"]
[Site "Bilbao ESP"]
[Date "2015.10.31"]
[Round "6.5"]
[White "Pichot, Alan"]
[Black "Matnadze, Ana"]
[Result "1-0"]
[WhiteTitle "IM"]
[BlackTitle "IM"]
[WhiteElo "2523"]
[BlackElo "2353"]
[WhiteFideId "110973"]
[BlackFideId "13601377"]
[EventDate "2015.10.26"]

1. e4 c5 2. Nf3 d6 3. c3 Nf6 4. h3 e5 5. Bd3 g6 6. O-O Bg7 7. Bc2 O-O 8. d4 Nc6
9. d5 Ne7 10. a4 h6 11. Na3 Nh5 12. Nc4 Nf4 13. Bxf4 exf4 14. Qd2 g5 15. e5 dxe5
16. Rad1 g4 17. Nfxe5 gxh3 18. d6 hxg2 19. Rfe1 Nf5 20. Qxf4 Qh4 21. Qxh4 Nxh4
22. d7 Bxd7 23. Rxd7 f5 24. Re3 Rad8 25. Rxb7 f4 26. Rh3 f3 27. Rxh4 Rf5 28. Rg4
Kh8 29. Rgxg7 1-0

[Event "6th ch-Iberoamericano"]
[Site "Bilbao ESP"]
[Date "2015.10.31"]
[Round "6.6"]
[White "Marchena Hurtado, Javier"]
[Black "De La Riva Aguado, Oscar"]
[Result "0-1"]
[WhiteTitle "FM"]
[BlackTitle "GM"]
[WhiteElo "2294"]
[BlackElo "2497"]
[WhiteFideId "2271583"]
[BlackFideId "6900224"]
[EventDate "2015.10.26"]

1. e4 g6 2. d4 Bg7 3. Nc3 d6 4. f4 a6 5. Nf3 b5 6. Bd3 Bb7 7. O-O Nd7 8. e5 Nh6
9. a4 b4 10. Ne4 O-O 11. Qe2 c5 12. dxc5 Nxc5 13. Nxc5 dxc5 14. a5 Nf5 15. Rd1
Qc7 16. b3 Qc6 17. Be3 Rad8 18. Bxf5 gxf5 19. Qc4 Rxd1+ 20. Rxd1 Rc8 21. Kf2 h6
22. Kg1 Bf8 23. Kf2 e6 24. Ne1 Be7 25. Kg1 Kh7 26. Rd2 Rg8 27. Qe2 Qc7 28. Qd1
Bc6 29. Qa1 Bd5 30. Re2 c4 31. bxc4 Qxc4 32. Qd1 Bd8 33. Qd3 Bxa5 34. Rd2 b3 35.
Qxc4 Bxc4 36. Rd1 b2 37. Nd3 Bc3 38. Rb1 Rb8 0-1

[Event "6th ch-Iberoamericano"]
[Site "Bilbao ESP"]
[Date "2015.10.31"]
[Round "6.7"]
[White "Vallejo Pons, Francisco"]
[Black "Martinez Duany, Lelys Stanley"]
[Result "1-0"]
[WhiteTitle "GM"]
[BlackTitle "GM"]
[WhiteElo "2684"]
[BlackElo "2470"]
[WhiteFideId "2205530"]
[BlackFideId "3504727"]
[EventDate "2015.10.26"]

1. d4 Nf6 2. c4 c5 3. d5 b5 4. cxb5 a6 5. bxa6 g6 6. Nc3 Bxa6 7. e4 Bxf1 8. Kxf1
d6 9. Nf3 Bg7 10. g3 O-O 11. Kg2 Nfd7 12. h4 h5 13. Bf4 Qa5 14. Re1 f6 15. a4
Na6 16. Nb5 Nc7 17. Bd2 Qb6 18. Nxc7 Qxc7 19. Bc3 Qb7 20. Qe2 Bh6 21. Reb1 Qa6
22. Qb5 Ra7 23. b4 Rfa8 24. Qxa6 Rxa6 25. a5 cxb4 26. Bxb4 Rc8 27. Be1 Kf7 28.
Ra4 f5 29. exf5 gxf5 30. Nd4 Kf6 31. Nc6 Nc5 32. Rc4 e6 33. Bc3+ Kf7 34. Rxc5
dxc5 35. Rb7+ Kf8 36. Nb8 Rxb8 37. Rxb8+ Ke7 38. Rb6 Rxb6 39. axb6 Kd8 40. dxe6
Bf8 41. Bf6+ 1-0

[Event "6th ch-Iberoamericano"]
[Site "Bilbao ESP"]
[Date "2015.10.31"]
[Round "6.8"]
[White "Del Rio De Angelis, Salvador G."]
[Black "Rodriguez Fontecha, Marcos"]
[Result "1-0"]
[WhiteTitle "GM"]
[BlackTitle "FM"]
[WhiteElo "2512"]
[BlackElo "2309"]
[WhiteFideId "2203138"]
[BlackFideId "2256576"]
[EventDate "2015.10.26"]

1. d4 d5 2. c4 Nc6 3. Nc3 Nf6 4. Nf3 dxc4 5. Bg5 a6 6. d5 Na7 7. e4 Nb5 8. Bxc4
Nxc3 9. bxc3 Nxe4 10. O-O Bg4 11. Bf4 Qd7 12. Re1 Nd6 13. Bb3 Qf5 14. Qd4 Bxf3
15. gxf3 Qf6 16. Be5 Qxf3 17. Re3 Qf5 18. Bxd6 cxd6 19. Qb6 f6 20. Rae1 Qc8 21.
c4 e5 22. dxe6 Be7 23. Ba4+ Kf8 24. Rb1 Qxc4 25. Qxb7 Rd8 26. Qxe7+ 1-0

[Event "6th ch-Iberoamericano"]
[Site "Bilbao ESP"]
[Date "2015.10.31"]
[Round "6.9"]
[White "Martinez Romero, Martin"]
[Black "Arias Garcia, Luis Javier"]
[Result "1-0"]
[WhiteTitle "IM"]
[WhiteElo "2402"]
[BlackElo "2147"]
[WhiteFideId "4404025"]
[BlackFideId "2207370"]
[EventDate "2015.10.26"]

1. e4 c5 2. Nf3 e6 3. d4 cxd4 4. Nxd4 a6 5. Bd3 Qc7 6. Qe2 Nc6 7. Nxc6 dxc6 8.
e5 Ne7 9. O-O Ng6 10. f4 b5 11. Be3 Be7 12. Nd2 c5 13. c4 b4 14. g3 O-O 15. h4
Rd8 16. Be4 Bb7 17. Rad1 Rd7 18. Qf3 Bxe4 19. Nxe4 Rad8 20. Rxd7 Rxd7 21. h5 Nf8
22. Qg4 Kh8 23. h6 g6 24. f5 Qxe5 25. fxg6 Nxg6 26. Rxf7 Rd3 27. Qf3 Qxb2 28.
Qd1 Qb3 29. Rf5 Bf8 30. Bc1 1-0

[Event "6th ch-Iberoamericano"]
[Site "Bilbao ESP"]
[Date "2015.10.31"]
[Round "6.10"]
[White "Gonzalez Acosta, Bernal"]
[Black "Diez Fraile, David"]
[Result "1-0"]
[WhiteTitle "GM"]
[WhiteElo "2497"]
[BlackElo "2200"]
[WhiteFideId "6500170"]
[BlackFideId "2229285"]
[EventDate "2015.10.26"]

1. e4 c5 2. Nf3 d6 3. Bb5+ Bd7 4. Bxd7+ Nxd7 5. O-O Ngf6 6. Qe2 e6 7. c3 Be7 8.
d4 cxd4 9. cxd4 d5 10. e5 Ne4 11. Ne1 h6 12. f3 Ng5 13. Nc3 Qb6 14. f4 Nh7 15.
Be3 O-O 16. Nd3 f5 17. Kh1 Qd8 18. Rac1 Rc8 19. Rc2 a6 20. Rfc1 Nb6 21. b3 Kh8
22. Qf2 Rf7 23. Ne2 Nf8 24. Qe1 Ba3 25. Rxc8 Nxc8 26. Rc3 Na7 27. b4 Nb5 28. Rb3
b6 29. Nc3 Qa8 30. Nb1 Rc7 1-0

[Event "6th ch-Iberoamericano"]
[Site "Bilbao ESP"]
[Date "2015.11.01"]
[Round "7.1"]
[White "Peralta, Fernando"]
[Black "Bruzon Batista, Lazaro"]
[Result "0-1"]
[WhiteTitle "GM"]
[BlackTitle "GM"]
[WhiteElo "2563"]
[BlackElo "2659"]
[WhiteFideId "105309"]
[BlackFideId "3503739"]
[EventDate "2015.10.26"]

1. d4 Nf6 2. c4 e6 3. Nc3 Bb4 4. e3 c5 5. Bd3 Nc6 6. a3 Bxc3+ 7. bxc3 O-O 8. Rb1
d6 9. Ne2 e5 10. e4 Ne8 11. O-O b6 12. f4 exd4 13. cxd4 cxd4 14. Bb2 Bg4 15. Qd2
Bxe2 16. Qxe2 Rc8 17. Rf3 Qe7 18. Rh3 h6 19. g4 Nf6 20. Kh1 Rfe8 21. Re1 Qd7 22.
Rh4 Nh7 23. Rg1 Nf8 24. Bc1 Ng6 25. Rh5 Na5 26. g5 Nb3 27. Bd2 Nxd2 28. Qxd2 Rc5
29. f5 Ne5 30. gxh6 g6 31. h7+ Kh8 32. fxg6 fxg6 33. Qf2 Nxd3 34. Qxd4+ Qg7 0-1

[Event "6th ch-Iberoamericano"]
[Site "Bilbao ESP"]
[Date "2015.11.01"]
[Round "7.2"]
[White "Granda Zuniga, Julio E"]
[Black "Pichot, Alan"]
[Result "1/2-1/2"]
[WhiteTitle "GM"]
[BlackTitle "IM"]
[WhiteElo "2667"]
[BlackElo "2523"]
[WhiteFideId "3800024"]
[BlackFideId "110973"]
[EventDate "2015.10.26"]

1. d4 Nf6 2. c4 g6 3. Nc3 Bg7 4. e4 d6 5. Be2 O-O 6. Bg5 Na6 7. Qd2 c6 8. Nf3 e5
9. O-O exd4 10. Nxd4 Nc5 11. Bf3 Re8 12. Rfe1 Qb6 13. Rad1 Nfd7 14. Be3 a5 15.
h3 a4 16. Qc2 Qb4 17. a3 Qa5 18. Be2 Nb6 19. Bf1 Bd7 20. Nf3 Be6 21. Na2 Nbd7
22. Ng5 h6 23. Nf3 Nb3 24. Nc1 Ne5 25. Nd2 Nxc1 26. Qxc1 g5 27. Nb1 Rad8 28. Bd4
Rd7 29. Qc2 Rf8 30. Nd2 b5 31. cxb5 cxb5 32. Qc3 Qa6 33. Rc1 Qb7 34. g3 Rdd8 35.
f4 Rc8 36. Qe3 Nc4 37. Nxc4 Bxd4 38. Qxd4 Bxc4 39. fxg5 hxg5 40. Bxc4 Rxc4 41.
Rxc4 bxc4 42. Qf6 Qb6+ 43. Kg2 Qb5 44. Rf1 Qe5 45. Qxe5 dxe5 46. Rc1 Rb8 47.
Rxc4 Rxb2+ 48. Kf3 Rb3+ 49. Kg4 Rxa3 50. Kxg5 Rxg3+ 51. Kf5 a3 52. h4 Rh3 53.
Ra4 Kg7 54. Kxe5 Rxh4 1/2-1/2

[Event "6th ch-Iberoamericano"]
[Site "Bilbao ESP"]
[Date "2015.11.01"]
[Round "7.3"]
[White "De La Riva Aguado, Oscar"]
[Black "Bachmann, Axel"]
[Result "1/2-1/2"]
[WhiteTitle "GM"]
[BlackTitle "GM"]
[WhiteElo "2497"]
[BlackElo "2593"]
[WhiteFideId "6900224"]
[BlackFideId "3700488"]
[EventDate "2015.10.26"]

1. e4 e5 2. Nc3 Nc6 3. g3 Bc5 4. Bg2 a6 5. Nf3 d6 6. d3 Nge7 7. Be3 Bxe3 8. fxe3
O-O 9. Nh4 f5 10. O-O fxe4 11. Rxf8+ Qxf8 12. Bxe4 Be6 13. Bxc6 Nxc6 14. Qe2 d5
15. Rf1 Qc5 16. Kg2 Qb4 17. Nd1 Bg4 18. Qf2 Qe7 19. Nc3 Qe6 20. Kg1 Ne7 21. Qd2
h6 22. Rf2 Re8 23. a3 c5 24. Nf3 e4 25. Ne1 Kh7 26. dxe4 dxe4 27. Rf4 Bf5 28. g4
Bxg4 29. Rxe4 Qg6 30. Qg2 h5 31. Nd3 Nf5 32. Nf4 Qc6 33. Rxe8 Qxe8 34. Qe4 Qxe4 1/2-1/2

[Event "6th ch-Iberoamericano"]
[Site "Bilbao ESP"]
[Date "2015.11.01"]
[Round "7.4"]
[White "Del Rio De Angelis, Salvador G."]
[Black "Vallejo Pons, Francisco"]
[Result "1-0"]
[WhiteTitle "GM"]
[BlackTitle "GM"]
[WhiteElo "2512"]
[BlackElo "2684"]
[WhiteFideId "2203138"]
[BlackFideId "2205530"]
[EventDate "2015.10.26"]

1. d4 Nf6 2. c4 g6 3. Nc3 Bg7 4. e4 O-O 5. Nf3 d6 6. h3 e5 7. d5 Nh5 8. g3 Qe7
9. Nh2 Na6 10. Be3 Nc5 11. b4 Nd7 12. Be2 a5 13. a3 Nhf6 14. Nf3 Ne8 15. g4 f5
16. g5 Bh8 17. h4 Ng7 18. Nb5 axb4 19. axb4 Rxa1 20. Qxa1 c6 21. Na7 cxd5 22.
cxd5 fxe4 23. Nd2 Nb8 24. Nxc8 Rxc8 25. Nxe4 Nf5 26. h5 Qf7 27. Qd1 Na6 28. hxg6
hxg6 29. Bg4 Rd8 30. Nf6+ Bxf6 31. Bxf5 gxf5 32. gxf6 Qg6 33. Kf1 Qe8 34. Qf3
Qb5+ 35. Kg2 Qc4 36. Rh8+ 1-0

[Event "6th ch-Iberoamericano"]
[Site "Bilbao ESP"]
[Date "2015.11.01"]
[Round "7.5"]
[White "Santos Latasa, Jaime"]
[Black "Fier, Alexandr"]
[Result "0-1"]
[WhiteTitle "IM"]
[BlackTitle "GM"]
[WhiteElo "2518"]
[BlackElo "2624"]
[WhiteFideId "2293307"]
[BlackFideId "2107139"]
[EventDate "2015.10.26"]

1. d4 Nf6 2. c4 e6 3. g3 c5 4. d5 exd5 5. cxd5 d6 6. Nc3 g6 7. Nf3 Bg7 8. Bg2
O-O 9. O-O Re8 10. Bf4 Bf5 11. Nd2 Nh5 12. e4 Nxf4 13. gxf4 Bd7 14. Qb3 b5 15.
a4 Bh6 16. Ne2 Na6 17. axb5 Nb4 18. Nc4 Bxb5 19. Rac1 Rb8 20. Rfd1 Qf6 21. e5
Qh4 22. Qg3 Qxg3 23. hxg3 dxe5 24. b3 Rbd8 25. Ra1 exf4 26. Nxf4 a6 27. Na5 Rd7
28. Bh3 f5 29. Ne6 Rxd5 30. Nc7 Rxd1+ 31. Rxd1 Re7 32. Nxb5 axb5 33. Rd8+ Kf7
34. Rb8 Bg7 35. Rxb5 Bd4 36. Bf1 Re1 37. Kg2 Ra1 38. Nb7 Ra2 39. Bc4+ Kg7 40.
Nxc5 Rxf2+ 41. Kh1 Bxc5 42. Rxc5 Kf6 43. Kg1 Rb2 44. Rb5 Nc2 45. Rb6+ Kg5 46.
Bg8 Kg4 47. Bxh7 Ne3 48. Rxg6+ Kf3 49. Bg8 Rg2+ 50. Kh1 Kf2 51. Bc4 Ng4 0-1

[Event "6th ch-Iberoamericano"]
[Site "Bilbao ESP"]
[Date "2015.11.01"]
[Round "7.6"]
[White "Gonzalez Acosta, Bernal"]
[Black "Martinez Romero, Martin"]
[Result "1/2-1/2"]
[WhiteTitle "GM"]
[BlackTitle "IM"]
[WhiteElo "2497"]
[BlackElo "2402"]
[WhiteFideId "6500170"]
[BlackFideId "4404025"]
[EventDate "2015.10.26"]

1. e4 c5 2. Nf3 e6 3. c3 Nf6 4. e5 Nd5 5. d4 cxd4 6. cxd4 Nc6 7. Nc3 d6 8. Nxd5
exd5 9. Bd3 Bg4 10. O-O dxe5 11. dxe5 Be7 12. Re1 O-O 13. h3 Bh5 14. Bf4 Qb6 15.
g4 Bg6 16. Bxg6 hxg6 17. Qxd5 Rad8 18. Qe4 Qxb2 19. Rab1 Qxa2 20. Rxb7 Bc5 21.
Re2 Qd5 22. Kg2 Bb6 23. e6 Qxe6 24. Qxe6 fxe6 25. Be3 Bxe3 26. Rxe3 e5 27. Rc7
Rd6 28. Ng5 a5 29. Ne4 Re6 30. Ng5 Rd6 31. Ne4 Re6 32. Rc3 Nd4 33. R3c5 Ra6 34.
Rxe5 Ne6 35. Re7 Nf4+ 36. Kg3 Ne2+ 37. Kg2 Nf4+ 38. Kg3 Ne2+ 1/2-1/2

[Event "6th ch-Iberoamericano"]
[Site "Bilbao ESP"]
[Date "2015.11.01"]
[Round "7.7"]
[White "Martinez Duany, Lelys Stanley"]
[Black "Trigo Urquijo, Sergio"]
[Result "1-0"]
[WhiteTitle "GM"]
[BlackTitle "FM"]
[WhiteElo "2470"]
[BlackElo "2362"]
[WhiteFideId "3504727"]
[BlackFideId "2262436"]
[EventDate "2015.10.26"]

1. e4 e5 2. Nf3 Nc6 3. Bb5 a6 4. Ba4 Nf6 5. O-O Be7 6. Re1 b5 7. Bb3 d6 8. c3
O-O 9. h3 Nb8 10. d4 Nbd7 11. Nbd2 Bb7 12. Bc2 Re8 13. Nf1 Bf8 14. Ng3 g6 15. a4
c5 16. d5 c4 17. Bg5 Nc5 18. Qd2 Be7 19. Ra3 Nfd7 20. Be3 Qc7 21. Rea1 Nb6 22.
axb5 axb5 23. Qc1 Rxa3 24. Rxa3 Bc8 25. Qa1 Nba4 26. Nd2 Bd7 27. b3 cxb3 28.
Nxb3 Nxb3 29. Bxb3 Rc8 30. c4 Nc5 31. Ra7 Qd8 32. Bxc5 Rxc5 33. cxb5 Bxb5 34.
Ba4 Bxa4 35. Qxa4 Rc7 36. Ra8 Rc8 37. Ra6 Kg7 38. Ne2 Bf8 39. g3 Qg5 40. Ra7 Qd8
41. Kg2 h5 42. h4 Kg8 43. Ng1 Be7 44. Nf3 Rc7 45. Ra8 Rc8 46. Ra6 Qe8 47. Rc6
Ra8 48. Qc4 Kg7 49. Rc7 Kf8 50. Qc1 Qd8 51. Nd2 Ra1 52. Qc6 Kg7 53. Rc8 1-0